Quizzes
Events
Quiz Creation
Community
Videos
Private Events
Remove Ads
Sign In
Join for FREE
Feedback
Dark Mode
Quiz Categories
Sports
Geography
Music
Movies
Television
Just For Fun
Miscellaneous
History
Literature
Language
Science
Gaming
Entertainment
Religion
Holiday
For Kids
Quiz Lab
Recent
Popular Today
Quiz Kudos Today
Editor Picks
Curator Picks
Quizzes by...
Day
Popularity
Type
Ratings
Length
Year
Community
Subscriptions
Recent Discussions
Orange Saloon
Badges
Playlists
Quests
Create
Leaderboards
Showdown
Live 5
Trivia Bingo
Activity
Puzzle Library
Sporcle Events
Private Events
Virtual Trivia
Globe League
Become a Host
Pub Owners
SporcleCon
Opinionation
Our Games
Videos
Blog
Mobile Apps
Partnerships
Remove Ads and Go Orange
Feedback
Entertainment
Celebrity
Famous
Musical
Broadway
Show
Quote
Comic Books
Anime
Superhero
DC Comics
Marvel
Cartoons
Animation
Entertainment
Celebrity
Famous
Musical
Broadway
Show
Quote
Comic Books
Anime
Superhero
DC Comics
Marvel
Cartoons
Animation
Random Quiz
Search Sporcle
×
Quiz Lab
Quiz Lab
Entertainment
Popular
Type in answers that appear in a list
Type in answers that appear in a list
Classic
Best Score? Go Orange.
Fictional Last Names II Stats
Do you know the last names of the popular characters?
By
C_W_G
7m
40 Questions
63 Plays
63 Plays
63 Plays
Comments
Comments
Give Quiz Kudos
Give Quiz Kudos
-
- Ratings
hide this ad
Random Order
Randomize order of answers
Randomize order of answers
Replay
Link that replays current quiz
Next Quiz
Link to next quiz in quiz playlist
You Got
0%
They Got
Avg Score
34%
Avg Friend Score
Upgrade to see
Score Distribution
Jump to the score distribution portion of the page
Score
0/40
Timer
07:00
0
Plays Today
First Name
Last Name
% Correct
Hermione
Granger
84.1%
Draco
Malfoy
84.1%
Sheldon
Cooper
82.5%
Scrooge
McDuck
79.4%
Sue
Storm-Richards
74.6%
Mary Jane
Watson
73%
Cliff
Huxtable
63.5%
Kitty 'Shadowcat'
Pryde
55.6%
Eric
Forman
50.8%
Stanley
Yelnats
50.8%
Dot
Warner
49.2%
Kurt 'Nightcrawler'
Wagner
47.6%
Howard
Wolowitz
46%
Maria
Hill
42.9%
Charlie
Harper
42.9%
Owen
Lars
39.7%
Chuckie
Finster
39.7%
Dinah Laurel 'Black Canary'
Lance
33.3%
Randall
Boggs
30.2%
Lucy
Pevensie
28.6%
First Name
Last Name
% Correct
Vanellope
Von Schweetz
25.4%
Cassie 'Wonder Girl'
Sandsmark
23.8%
Finn
McMissile
20.6%
Archie
Andrews
20.6%
Walden
Schmidt
19%
Greg
Heffley
17.5%
Ahsoka
Tano
17.5%
Hector 'Zero'
Zeroni
17.5%
Simon
Baz
15.9%
Veronica
Lodge
14.3%
Tom
Baker
12.7%
Chester
McBadbat
12.7%
Mike 'Bowler Hat Guy'
Yagoobian
9.5%
Ben
Gunn
7.9%
Brittany
Miller
7.9%
Strip 'The King'
Weathers
6.3%
Rowley
Jefferson
4.8%
Holly
Short
3.2%
Opal
Koboi
3.2%
Finn
Whitman
1.6%
Quiz Playlist
Details
Report
Send in Message
Add To Playlist
Classic:
Type in answers that appear in a list
Random Order:
Randomize order of answers
Last Updated: Feb 16, 2017
Quiz Scoreboard
CHALLENGE
Sign Up to Join the Scoreboard
Show All
Scores
Hide
Comments
May contain spoilers
Recently Published
An Introduction to Baseball
by treessimontrees
Sports
5m
Movies - When Are They Set?
by FPL_Elf
Movies
5m
Popular People in 1961
by mucciniale
History
6m
More to Explore
Quiz From the Vault
Featured Blog Post
Where Did the Easter Bunny Come From?
hide this ad
You Might Also Like...
Tags
Popular Quiz
Character
fictional
last
Today's Top Quizzes in Entertainment
Browse Entertainment
hide this ad
Today's Top Quizzes in Popular
Browse Popular
Top Contributed Quizzes in Entertainment
1
Kamen Rider Motifs
2
Dragon Ball Z: Goku's Fights in Order
3
Dragon Ball Z: Mega Character Search
4
Marvel Characters Bunker
5
Criteria Quickie: Cartoon Taxonomy II
6
One Piece Arcs By Order III
7
Fictional Villains Letter U Blitz
8
Ana Gasteyer or Kathryn Hahn?
9
One Thing in Common: Fictional Characters
10
Dragon Ball Z: Super Saiyans in Order
Explore More
Trending Topics
Harry Potter
Marvel
Disney
Kpop
Crossword
NBA
Anime
Country
NFL
The Office
WWE
Song
Soccer
Pokémon
Puzzle
hide this ad
More By:
C_W_G
Quiz
Plays
Rating
Category
Featured
Created
Disney Infinity Figures
731
4.33
Gaming
Jan 5, 2014
Characters in Lego Batman 2
706
5.00
Gaming
Jan 26, 2014
Fictional Last Names III: DC Edition
460
4.60
Entertainment
Jan 6, 2014
Disney Infinity by Hall of Heroes
413
Gaming
Oct 24, 2014
DC Comics Match-Up
188
3.00
Entertainment
Jan 21, 2014
Go to Creator's Profile
Score Distribution
Quiz Creator Spotlight
C_W_G
Follow
Send a Message
Quizzes Created
-
Created Quiz Play Count
-
More By This Creator
Popular Quizzes Today
1
Find the Countries of Europe - No Outlines Minefield
2
Find the US States - No Outlines Minefield
3
The Countries of the World
4
Popular People in 1961
5
US States
6
Find the US States
7
1-10 Letter E Words III
8
Risky Map Clicking: Biggest States A-Z
More Entertainment Quizzes
Before and After: Celebrity/Character II
Editor's Pick
Trending Quizzes
Risky Map Clicking: Least Populous States A-Z
1-10 Letter F Words
1-10 Letter G Words
One Thing in Common: United Kingdom
Risky Map Clicking: Next State Alphabetically
Recently Updated
Leaping Animals
pecheneg
Reality TV Shows (A-Z)
bhenderson79
Rickey Henderson's Hall of Fame Teammates
pecheneg
Champions League XIs: Arsenal
pecheneg
Quick Pick: Celebrities in WWE's Hall of Fame
aduchscher
A-Z Keypad Blitz II
pecheneg
Multiple Oscar Actors
pecheneg
Mystery Phrase Blitz: Oscar 'Best Actors'
pecheneg
F. Scott Fitzgerald Novels
LTH
Pick 3 Villains
ddd62291
Trending Topics
Marvel
Harry Potter
Crossword
NBA
Kpop
Anime
Disney
The Office
Puzzle
Song
Country
NFL
WWE
Pokémon
Soccer
Your Account Isn't Verified!
In order to create a playlist on Sporcle, you need to verify the email address you used during registration. Go to your
Sporcle Settings
to finish the process.
Report this User
Report this user for behavior that violates our
Community Guidelines
.
Details:
Send Report
Go to the Sporcle.com Mobile Site →
Comments